000
00351 a2200169 4500
001
190422
020
_a
852625082-5
040
_c
Magnum
100
_a
López, Amélia
240
1
0
_a
A ilha do tesouro
_l
por
245
1
0
_a
A ilha do tesouro
300
_a
30
362
0
_a
2004
440
1
_a
Scipione
697
_a
LITERATURA INFANTO
942
_c
BK
999
_c
190422
_d
190422